In praise of architecture/ (Record no. 17093)

000 -LEADER
fixed length control field 00899cam a22002771 4500
008 - FIXED-LENGTH DATA ELEMENTS--GENERAL INFORMATION
fixed length control field 760227s1960 nyua 000 0 eng
050 00 - LIBRARY OF CONGRESS CALL NUMBER
Classification number NA2500
Item number .P613 1960
100 1# - MAIN ENTRY--PERSONAL NAME
Personal name Ponti, Gio,
245 10 - TITLE STATEMENT
Title In praise of architecture/
Statement of responsibility, etc. Translated by Giuseppina and Mario Salvadori. Pref. by Mario Salvadori.
260 ## - PUBLICATION, DISTRIBUTION, ETC. (IMPRINT)
Place of publication, distribution, etc. New York:
Name of publisher, distributor, etc. F. W. Dodge Corp.,
Date of publication, distribution, etc. [1960]
300 ## - PHYSICAL DESCRIPTION
Extent 270 p. :
Other physical details ill. ;
Dimensions 20 cm.
500 ## - GENERAL NOTE
General note Translation of Amate l'architettura.
650 #0 - SUBJECT ADDED ENTRY--TOPICAL TERM
Topical term or geographic name as entry element Architecture.
942 ## - ADDED ENTRY ELEMENTS (KOHA)
Source of classification or shelving scheme
Koha item type Hard Covered Materials
Classification part NA2500 .P613 1960
Holdings
Withdrawn status Lost status Source of classification or shelving scheme Damaged status Not for loan Home library Current library Shelving location Date acquired Source of acquisition Total Checkouts Full call number Barcode Date last seen Price effective from Koha item type
          MACHAKOS UNIVERSITY LIBRARY MACHAKOS UNIVERSITY LIBRARY Open shelf 21/11/2016 Donation (BFA)   NA2500 .P613 1960 28252 21/11/2016 21/11/2016 Hard Covered Materials
© Machakos University Library, Along The Highway, Machakos Wote Rd, Machakos, Kenya P.O. Box 136 - 90100 Machakos - Kenya

Tel: ( +254 ) 723 805829 OR Fax : 044-20353 OR Email: library@mksu.ac.ke